Harrison's manual of medicine.-- 15th ed. (Record no. 31632)
[ view plain ]
| 000 -LEADER | |
|---|---|
| fixed length control field | 00778nam a2200205 a 4500 |
| 008 - FIXED-LENGTH DATA ELEMENTS--GENERAL INFORMATION | |
| fixed length control field | 110914s2002 ||||||||||||||||| || u |
| 020 ## - INTERNATIONAL STANDARD BOOK NUMBER | |
| International Standard Book Number | 0071373772 |
| 050 ## - LIBRARY OF CONGRESS CALL NUMBER | |
| Classification number | RC 55 Har |
| 100 ## - MAIN ENTRY--PERSONAL NAME | |
| Personal name | Braunwald, Eugene |
| 245 10 - TITLE STATEMENT | |
| Title | Harrison's manual of medicine.-- 15th ed. |
| Statement of responsibility, etc. | [edited by] Eugene Braunwald...[and others] |
| 246 ## - | |
| -- | Manual of medicine |
| 250 ## - EDITION STATEMENT | |
| Edition statement | 15th ed. |
| 260 ## - PUBLICATION, DISTRIBUTION, ETC. | |
| Place of publication, distribution, etc. | New York |
| Name of publisher, distributor, etc. | McGraw-Hill |
| Date of publication, distribution, etc. | 2002 |
| 300 ## - PHYSICAL DESCRIPTION | |
| Extent | xvii, 1021p.: ill. |
| 350 ## - | |
| -- | 0.00 |
| 650 ## - SUBJECT ADDED ENTRY--TOPICAL TERM | |
| Topical term or geographic name entry element | INTERNAL MEDICINE--HANDBOOKS, MANUALS, ETC |
| 650 ## - SUBJECT ADDED ENTRY--TOPICAL TERM | |
| Topical term or geographic name entry element | MEDICINE |
| 700 ## - ADDED ENTRY--PERSONAL NAME | |
| Personal name | Harrison, Tinsley Randolf |
| 995 ## - | |
| -- | MEDICAL LIBRARY OPEN ACCESS |
| -- | 0.00 |
| -- | 901092 |
| -- | CBU-SCHOOL OF MEDICINE LIBRARY (Ndola) |
| -- | 1 |
| -- | 0.00 |
| -- | RC 55 HAR |
| -- | 1 |
| -- | AVAILABLE |
| -- | Oct 13, 2011 |
| -- | 901092 |
| -- | Medical Library Open Access Collection |
| 999 ## - | |
| -- | 31632 |
| -- | 31632 |
| Withdrawn status | Lost status | Source of classification or shelving scheme | Damaged status | Not for loan | Permanent Location | Current Location | Shelving location | Date acquired | Total Checkouts | Full call number | Barcode | Date last seen | Price effective from | Koha item type |
|---|---|---|---|---|---|---|---|---|---|---|---|---|---|---|
| CBU-SCHOOL OF MEDICINE LIBRARY, NDOLA. | CBU-SCHOOL OF MEDICINE LIBRARY, NDOLA. | 11/30/2022 | RC 55 Har | 901092 | 11/30/2022 | 11/30/2022 | MONOGRAPH |